| 000 | 00747nam a22002417a 4500 | ||
|---|---|---|---|
| 003 | OSt | ||
| 005 | 20250818045711.0 | ||
| 008 | 250818b |||||||| |||| 00| 0 eng d | ||
| 020 | _a978-971-0445-32-5. | ||
| 040 |
_aDWCL-Main lib _cOC |
||
| 082 | _aFil. 941 C822p 2008 | ||
| 100 | _aCorpuz, Ronald M. | ||
| 245 |
_aPhilippine history and constitution/ _cRonald M. Corpuz |
||
| 260 |
_aManila : _bMindshapers Co., Inc., _c c2008. |
||
| 300 |
_avii, 430 p. : _b ill. ; _c27 cm. |
||
| 504 | _aIncludes bibliographical references. | ||
| 650 | _a1. Phils-Constitutional law. | ||
| 650 | _a2. Phils-Constitutions. | ||
| 650 | _a3.Phils-History. | ||
| 700 | _aLorna V. Wy | ||
| 700 | _aRogelio G. Dela Cruz | ||
| 942 |
_2ddc _cBK - FIL _kFil. _n0 |
||
| 999 |
_c4004 _d4004 |
||